Повести

Библиографические подробности
Главный автор: Кондратьев В. Л. Вячеслав Леонидович
Другие авторы: Коган А. (автор предисловия)
Язык:русский
Опубликовано: Москва, Художественная литература, 1991
Предметы:
Формат: Книга
Запись в KOHA:https://koha.lib.tpu.ru/cgi-bin/koha/opac-detail.pl?biblionumber=142097

MARC

LEADER 00000nam0a2200000 4500
001 142097
005 20231101220940.0
010 |a 5280016705 
020 |a RU  |b 91-36663 
035 |a (RuTPU)RU\TPU\book\154002 
090 |a 142097 
100 |a 20080901d1991 m y0rusy5003 ca 
101 0 |a rus 
102 |a RU 
105 |a a z 000ay 
200 1 |a Повести  |f В. Л. Кондратьев  |g авт. предисл. А. Коган 
210 |a Москва  |c Художественная литература  |d 1991 
215 |a 476,[2] с.  |d 20 см 
610 1 |a Советская Армия 
610 1 |a Великая Отечественная война 1941-1945 
610 1 |a повести 
610 1 |a русская литература 
675 |a Р2  |z rus  |v 3 
700 1 |a Кондратьев  |b В. Л.  |c российский писатель  |f 1920-1993  |g Вячеслав Леонидович  |2 stltpush  |3 (RuTPU)RU\TPU\pers\14235  |9 4691 
702 1 |a Коган  |b А.  |4 080 
801 0 |a RU  |b RuMRKP  |c 19950417  |g psbo 
801 1 |a RU  |b 63413507  |c 20080901  |g PSBO 
801 2 |a RU  |b 63413507  |c 20081209  |g PSBO 
942 |c BK